000 00306nam a2200121Ia 4500
008 220204s9999 xx 000 0 und d
082 _a575.8
_bLUL
100 _aLull, Richard Swann
245 0 _aOrganic evolution
260 _aNew Delhi
_bLight and Life
_c1957
650 _aOrganic evolution
942 _cBK
999 _c27363
_d27363